Т. 1; Сочинения

Dettagli Bibliografici
Parent link:Сочинения: пер. с нем./ Ф. В. Шеллинг. Т. 1.— , 1987-1989
Lingua:russo
Pubblicazione: 1987
Soggetti:
Natura: MixedMaterials Libro
KOHA link:https://koha.lib.tpu.ru/cgi-bin/koha/opac-detail.pl?biblionumber=20251

MARC

LEADER 00000nam2a2200000 4500
001 20251
005 20231101205338.0
035 |a (RuTPU)RU\TPU\book\20429 
035 |a BOOK00020499 
090 |a 20251 
100 |a 20011209d1987 km y0rusy50 ca 
101 1 |a rus  |c ger 
102 |a RU 
105 |a y z 000zy 
200 0 |a Т. 1 
210 |d 1987 
215 |a 637 с. 
461 1 |0 (RuTPU)RU\TPU\book\11196  |t Сочинения  |o пер. с нем.  |o В 2 т.  |f Ф. В. Шеллинг  |v Т. 1  |d 1987-1989  |s Философское наследие 
606 1 |a Классическая немецкая философия  |2 stltpush  |3 (RuTPU)RU\TPU\subj\14477  |9 40858 
610 1 |a философия 
610 1 |a немецкая философия 
610 1 |a история 
610 1 |a 18 век 
610 1 |a 19 век 
610 1 |a идеализм 
610 1 |a трансцендентальный идеализм 
610 1 |a натурфилософия 
686 |a Ю3(4Г)5-563  |v LBC/SL-A  |2 rubbk 
801 0 |a RU  |b 63413507  |c 20011209  |g PSBO 
801 2 |a RU  |b 63413507  |c 20141128  |g PSBO 
942 |c BK